| 000 | 00494nam a2200169 a 4500 | ||
|---|---|---|---|
| 005 | 20210223121400.0 | ||
| 008 | 991125s1955 mx 000 0 spa u | ||
| 035 | _aUPN01000016655 | ||
| 049 | _aCG | ||
| 050 | 4 |
_aLB475.6 Q57.2 _bI7.4 |
|
| 100 | 1 |
_aIsais Reyes, Jesús María, _dn. 1901 _928921 |
|
| 245 | 1 | 0 |
_aDon Vasco de Quiroga / _cJesús Isaís Reyes. |
| 260 |
_aPátzcuaro, Mich. : _bCREFAL, _c1955. |
||
| 300 | _a54 p. | ||
| 600 | 1 | 4 |
_aQUIROGA, VASCO DE, _cFRAY, _d1470?-1565 |
| 905 | _aLibro | ||
| 999 |
_c16655 _d16655 |
||